00717 2200217 4500001002100000005001500021035002000036007000300056008003900059020001900098082000800117084001400125100003000139245013700169250001400306260004700320300003700367650003400404650004100438990002000479INLIS00000000000360520230111083231 a0010-0123000132ta230111 | | |  a978979353534-0 a031 a031 A D e0 aA Dorling Kindersley Book1 aEnsiklopedia Sains dan Teknologi. Referensi Visual IPA dan IPS. Jilid 1 :bAlam Semesta Bumi Prasejarah /cA Dorling Kindersley Book aCet. 1,-- aJakarta. :bLentera Abadi Jakarta.,c2016. a109 hlm. :bilus. ;c21 x 29 cm. aAlih bahasa, Anis Apriliawati aTim Editor, Drs. A. Ari Dartoyo, MTP a13256/P/Bl/2016